| 000 | 00943nam a22002537a 4500 | ||
|---|---|---|---|
| 005 | 20081001122128.0 | ||
| 008 | 081001t xxu||||| |||| 00| 0 eng d | ||
| 010 | _aENG-91098 | ||
| 020 |
_a9788184500790 _c380.00 |
||
| 035 | _aEN-74631 | ||
| 037 | _bDBAD / PUB | ||
| 040 |
_adpl _bEnglish |
||
| 082 | _a355.00954 | ||
| 245 |
_aMilitary History of British India _cedited by H.S.Bhatia _b: 1607-1947 / |
||
| 250 | _a2nd edn. | ||
| 260 |
_aNew Delihi _bDeep & Deep Publications _c2008(repr.). |
||
| 300 |
_axii, 270p. _c24cm (Hb) |
||
| 500 | _aIncludes bibliographical references and index | ||
| 651 |
_aIndia _xHistory, Military |
||
| 651 |
_aIndia _xArmed forces _xHistory |
||
| 700 | _aBhatia, H.S | ||
| 942 |
_2ddc _cEN _h355.00954 _mMIL |
||
| 999 |
_c16092 _d16092 |
||